Normal view
MARC view
- GC Salman Rasheed GC Junaid Ahmed GC Abubakar Amjad
Entry Personal Name
001 - CONTROL NUMBER
- control field: 71024
003 - CONTROL NUMBER IDENTIFIER
- control field: NUST
005 - DATE AND TIME OF LATEST TRANSACTION
- control field: 20210628204559.0
008 - FIXED-LENGTH DATA ELEMENTS
- fixed length control field: 210628|| aca||aabn | a|a d
040 ## - CATALOGING SOURCE
- Original cataloging agency: NUST
- Transcribing agency: NUST
100 ## - HEADING--PERSONAL NAME
- Personal name: GC Salman Rasheed GC Junaid Ahmed GC Abubakar Amjad
670 ## - SOURCE DATA FOUND
- Source citation: Work cat.: (NUST): GC Salman Rasheed GC Junaid Ahmed GC Abubakar Amjad , PR-SOF-1594- DESIGN AND FABRICATION OF DC TO DC CONVERTER FOR GIRAFFE RADAR, 2016
